| 000 | 00360nam a22001457a 4500 | ||
|---|---|---|---|
| 008 | 250423b ||||| |||| 00| 0 eng d | ||
| 020 | _a9780307440853 | ||
| 041 | _aeng | ||
| 080 |
_21998 _a53COV |
||
| 082 |
_253COV _a53COV |
||
| 100 | _a22 | ||
| 101 | _aMATEMATIKA | ||
| 245 |
_aTHE 7 HABITS OF HIGHLY EFFECTIVE FAMILIES _cSTEPHEN R.COVEY |
||
| 942 |
_2udc _cBK |
||
| 999 |
_c60707 _d60707 |
||